000 00437nam a2200145Ia 4500
008 100204s9999 xx 000 0 und d
082 _b10691
100 _aकुभार म. रा.
245 _aअपराजिता
260 _b"प्रयत्न प्रकाशन , औदुंबर"
_c1988
300 _a144
630 _aअपराजिता
730 _aअपराजिता
942 _cBOOK
999 _c455127
_d455124